| 000 | 01835nam0a2200421 i 4500 | ||
|---|---|---|---|
| 001 | RU\NLR\BIBL_A\010356815 | ||
| 005 | 20240921170710.0 | ||
| 010 |
_a9785919740551 _91000 |
||
| 021 |
_aRU _b2014-19144 _91192 |
||
| 035 | _a(NILC)LIBNET\0000409202 | ||
| 035 | _aRU\TOUNB\BIBL\528491 | ||
| 035 | _a(NLR Aleph) 010356815 | ||
| 090 |
_a10765415 _c10765415 |
||
| 100 | _a20140515d2014 u y0rusy50 ca | ||
| 101 | 0 | _arus | |
| 102 | _aRU | ||
| 105 | _aach|z|||001yy | ||
| 200 | 1 |
_aСтарообрядчество Калужского края _fВиктор Боченков |
|
| 210 |
_aРжев _cПарадигма _d2014 |
||
| 215 |
_a507 с., [16] л. ил., портр., факс. _cил. _d21 |
||
| 300 | _aНа 4-й с. обл. авт.: Виктор Боченков - к.филол.н. | ||
| 320 | _aБиблиогр. в подстроч. примеч. и в тексте | ||
| 320 | _aДр. работы авт. на 4-й с. обл. | ||
| 320 | _aГеогр. указ.: с. 453-468 | ||
| 320 | _aИмен. указ. : с. 469-495 | ||
| 606 | 1 |
_aСтарообрядчество _xИстория _yКалужская область _92343264 _3RU\NLR\AUTH\661400502 |
|
| 606 | 1 |
_aСтарообрядчество _xИстория _yКалужская область _92343264 _3RU\NLR\AUTH\661400502 |
|
| 686 |
_a86.372.81-3 _vLBC/M _2rubbk |
||
| 686 | 1 | _aЭ372.242-39(2Р-4Калж) | |
| 700 | 1 |
_aБоченков _bВ. В. _f1968- _gВиктор Вячеславович _9135423 _3RU\NLR\AUTH\770135458 |
|
| 801 | 0 |
_aRU _bТверская ОУНБ _c20140109 _gPSBO |
|
| 801 | 1 |
_aRU _bТверская ОУНБ _c20140109 |
|
| 801 | 2 |
_aRU _bТверская ОУНБ _c20140109 _2rusmarc |
|
| 942 | _cBOOK | ||
| 980 | _aNBR | ||